000 01722nam0a2200385 4500
001 RU\NLR\BIBL_A\022388490
005 20260526100054.0
010 _a978-5-4484-4948-2
_92200
010 _a978-5-4484-4947-5
021 _aRU
_bКН-П-24-061574
_9КН-П-24-6118
035 _a(NLR Aleph) 022388490
090 _a13331593
_c13331593
100 _a20241122d2024 u y0rusy50 ca
101 0 _arus
102 _aRU
105 _aac z 000ay
181 0 _ai
_baxxe
182 0 _an
200 1 _aПсы господни. Жирная, грязная и продажная. Янычары
_eроманы
_fВалентин Пикуль
_gсоставление и комментарии А. И. Пикуль
_gиллюстрации художников Н. Васильева, А. В. Акимова
203 _aТекст
_bвизуальный
_cнепосредственный
210 _aМосква
_cВече
_d2024
215 _a415 с.
_cил., портр.
_d22
225 1 _aВалентин Саввич Пикуль. Полное собрание сочинений
320 _aДругие кн. авт. на 1-й с.
333 _a12+
686 2 _aШ6(2=Р)75-442
700 1 _aПикуль
_bВ. С.
_f1928-1990
_gВалентин Саввич
_3RU\NLR\AUTH\771913
702 1 _aПикуль
_bА. И.
_f1937-
_gАнтонина Ильинична
_3RU\NLR\AUTH\770197246
_4220
_4212
702 1 _aВасильева
_bН. А.
_cхудожник
_f1953-
_gНадежда Александровна
_3RU\NLR\AUTH\770135357
_4440
702 1 _aАкимова
_bА. В.
_4440
942 _cBOOK
980 _aNB